000 00354 a2200157 4500
001 56840
020 _a8524911972
040 _cAnchieta - Pituba
100 _aGaldino, Luiz
240 1 0 _aO mistério da cobra de fogo
_lpor
245 1 0 _aO mistério da cobra de fogo
300 _a184
362 0 _a2006
650 4 _aLiteratura juvenil
942 _cBK
999 _c56840
_d56840